| 000 | 01215nab a22002297a 4500 | ||
|---|---|---|---|
| 999 |
_c6083 _d6083 |
||
| 003 | OSt | ||
| 005 | 20260121191319.0 | ||
| 008 | 190502c xxu||||| |||| 00| 0 spa d | ||
| 040 | _cPJ | ||
| 100 |
_96859 _aFabirs Erreca, Valentina |
||
| 245 | 1 | 0 |
_aAbuso sexual : _btipo básico y agravantes / _cValentina Fabirs Erreca. |
| 260 |
_aCiudad Autónoma de Buenos Aires : _bThomson Reuters La Ley, _c2024. |
||
| 300 | _ap. 3-16 | ||
| 500 | _aValoración de la prueba en casos de abuso sexual infantil (ASI). | ||
| 505 | _aSumario: I. Abuso sexual simple (art. 119, primer párrafo, Cód. Penal).— II. Abuso sexual gravemente ultrajante (art. 119, segundo párrafo, Cód. Penal).— III. Abuso sexual con acceso carnal (art. 119, tercer párrafo, Cód. Penal).— IV. Valoración probatoria en casos de abuso sexual infantil (ASI). | ||
| 505 | _t¿Te interesa el texto completo? Solicitalo al correo: koha@justierradelfuego.gov.ar | ||
| 650 | 0 |
_9343 _aDERECHO PENAL |
|
| 650 | 0 |
_92902 _aDELITOS CONTRA LA INTEGRIDAD SEXUAL |
|
| 650 | 0 |
_92903 _aABUSO SEXUAL |
|
| 773 | 0 |
_02729 _93180 _dBuenos Aires : LexisNexis, 2006- _tRevista de derecho penal y procesal penal. Nº 7 - Julio 2024 _z9875920622 |
|
| 942 |
_2udc _cANA |
||